[Event "ODEM U25 2010"]
[Site "Oberhof GER"]
[Date "2010.05.29"]
[Round "9"]
[White "Heinz, Maria"]
[Black "Eggert, André"]
[Result "1/2-1/2"]
[Termination "normal"]
[Board "34"]
[WhiteElo "1203"]
[BlackElo "1300"]
[PlyCount "39"]
[BlackFideId "1270464"]
[EventCountry "GER"]
[EventRounds "9"]
[EventType "swiss"]
[EventDate "2010.05.22"]

1. e4 d5 2. exd5 Qxd5 3. Nc3 Qa5 4. d4 Nf6 5. Bc4 c6 6. Nge2 Bf5 7. Ng3 Bg6 8.
h4 Bh5 9. Nxh5 Nxh5 10. g4 Nf6 11. Qe2 e6 12. a3 Nbd7 13. f3 Bd6 14. Be3 Qc7
15. O-O-O Nb6 16. Bb3 O-O 17. Rd3 Nfd5 18. Nxd5 Nxd5 19. Bxd5 exd5 20. Kb1
1/2-1/2